| 000 | 00734nam a2200217 a 4500 | ||
|---|---|---|---|
| 005 | 20210223125135.0 | ||
| 008 | 030926s1992 mx r 000 0 spa d | ||
| 020 | _a8425418119 | ||
| 035 | _aUPN01000129231 | ||
| 049 | _aCG | ||
| 050 | 4 |
_aRC489 S7.6 _bN3.3 |
|
| 100 | 1 | _aNardone, Giorgio | |
| 245 | 1 | 3 |
_aEl arte del cambio : _btrastornos fóbicos y obsesivos / _cGiorgio Nardone, Paul Watzlawick ; tr. Antionio Martínez Riú. |
| 260 |
_aBarcelona, Esp. : _bHerder, _cc1992. |
||
| 300 | _a206 p. | ||
| 440 | 0 |
_aBiblioteca de psicología. _pTextos universitarios |
|
| 650 | 4 | _aPSICOTERAPIA ESTRATEGICA | |
| 650 | 4 |
_aHIPNOTISMO - _xUSO TERAPEUTICO _94986 |
|
| 700 | 1 |
_aWatzlawick, Paul, _d1921-2007 _ecoaut. _929498 |
|
| 905 | _aLibro | ||
| 999 |
_c101404 _d101404 |
||